The Karaite Jews of Egypt, 1882-1986 /

محفوظ في:

المؤلف الرئيسي: El-Kodsi, Mourad, 1919- (مؤلف)

التنسيق: كتاب

اللغة: English

منشور في: Lyons, N.Y. : Wilprint, 2006.

الموضوعات:

الوسوم: إضافة وسم

لا توجد وسوم, كن أول من يضع وسما على هذه التسجيلة!

رقم الطلب: BM185 .E4 2006

LEADER 00917namaa2200265 4500
001 11892
003 OSt
005 20240718120324.0
008 130303s2006 nyua b 001 0 eng d
952 |0 0  |1 0  |2 lcc  |4 0  |6 BM0185 E4 02006  |7 1  |9 12813  |a ARCE  |b ARCE  |d 2021-05-31  |l 0  |o BM185 .E4 2006  |p 1014444  |r 2021-05-31 00:00:00  |w 2021-05-31  |y BK 
999 |c 12176  |d 12176 
020 |a 0962005290 
040 |c ARCE Library 
043 |a f-ua--- 
050 4 |a BM185 .E4 2006 
100 1 |a El-Kodsi, Mourad,  |d 1919-  |e author 
245 1 4 |a The Karaite Jews of Egypt, 1882-1986 /   |c by Mourad El-Kodsi. 
264 1 |a Lyons, N.Y. :  |b Wilprint,  |c 2006. 
300 |a 400 pages :  |b illustrations (some color) ;  |c 24 cm. 
504 |a Includes bibliographical references (pages 349-351) and index. 
650 0 |a Jews  |z Egypt  |x History. 
650 0 |a Karaites  |z Egypt  |x History. 
651 0 |a Egypt  |x Ethnic relations. 
901 |a reviewed 
942 |c BK  |2 lcc